000 01297nam a2200241Ia 4500
999 _c46188
_d46188
001 13021
003 GE_BSU
005 20240716170256.0
008 181216s2009||||ge |||||||||||||| ||geo||
020 _a978-9941-13-080-9
040 _cGE_BSU
041 _ageo
080 _a82.0 + 81'42](075.8) ჭ-46
100 _aჭილაია, რამაზ
_922841
245 _aტექსტი ტექსტებზე = Text about texts /
_cრამაზ ჭილაია ; რედაქტორი ირმა რატიანი ; ივანე ჯავახიშვილის სახელობის თბილისის სახელმწიფო უნივერსიტეტი.
264 _aთბილისი :
_bთბილისის უნ-ტის გამ-ბა,
_c2009.
300 _a189 გვ. ;
_c18 სმ.
504 _aბიბლიოგრ. : გვ.187-191
653 _aტექსტი ტექსტებზე
700 _aრატიანი, ირმა
_eრედაქტორი
_95778
710 _aივანე ჯავახიშვილის სახელობის თბილისის სახელმწიფო უნივერსიტეტი
_922842
942 _cBK
_2udc